|
|
|
|
| LEADER |
01737nam a2200457 a 4500 |
| 001 |
nkc20142575947 |
| 003 |
CZ PrNK |
| 005 |
20140711090304.0 |
| 007 |
ta |
| 008 |
140328s2006 xr a b 000 1 cze |
| 015 |
|
|
|a cnb002575947
|
| 020 |
|
|
|a 80-260-5948-4
|q (v knize neuvedeno ;
|q skládanka)
|
| 035 |
|
|
|a (OCoLC)879565154
|
| 040 |
|
|
|a ABA001
|b cze
|
| 072 |
|
7 |
|a 27-5
|x Liturgie. Křesťanské umění a symbolika. Duchovní život
|2 Konspekt
|9 5
|
| 072 |
|
7 |
|a 0/9-053.2
|x Literatura pro děti a mládež (naučná)
|2 Konspekt
|9 26
|
| 080 |
|
|
|a 27-532.2
|2 MRF
|
| 080 |
|
|
|a 27-312.8
|2 MRF
|
| 080 |
|
|
|a (0:82-97)
|2 MRF
|
| 080 |
|
|
|a (041)
|2 MRF
|
| 080 |
|
|
|a (0.053.2)
|2 MRF
|
| 100 |
1 |
|
|a Fukalová, Iva,
|d 1957-2016
|7 mzk2007385834
|4 ill
|
| 245 |
1 |
0 |
|a Křížová cesta pro děti i dospělé /
|c nakreslila Iva Fukalová
|
| 260 |
|
|
|a Brno :
|b Biskupství brněnské, Diecézní katechetické centrum,
|c c2006
|
| 300 |
|
|
|a xv s. :
|b barev. il. ;
|c 13 cm
|
| 650 |
0 |
7 |
|a křížová cesta
|7 ph122161
|2 czenas
|
| 650 |
0 |
7 |
|a ukřižování Ježíše Krista
|7 ph138458
|2 czenas
|
| 650 |
0 |
9 |
|a stations of the Cross
|2 eczenas
|
| 650 |
0 |
9 |
|a crucifixion of Jesus Christ
|2 eczenas
|
| 655 |
|
7 |
|a modlitby
|7 fd132841
|2 czenas
|
| 655 |
|
7 |
|a brožury
|7 fd131925
|2 czenas
|
| 655 |
|
7 |
|a publikace pro děti
|7 fd133156
|2 czenas
|
| 655 |
|
9 |
|a prayers
|2 eczenas
|
| 655 |
|
9 |
|a brochures
|2 eczenas
|
| 655 |
|
9 |
|a children's literature
|2 eczenas
|
| 910 |
2 |
|
|a BOA001
|b S-1324.064
|
| 990 |
|
|
|a BK
|
| 995 |
|
|
|a 01
|
| 991 |
|
|
|b 201404
|e dn
|
| 996 |
6 |
|
|b 2610587050
|c S-1324.064
|l MZK
|r Sklad / do 24 hodin
|n 0
|p p.v.
|w 001412931
|u 000010
|a 1
|e BOA001
|j MZK50
|s P
|
| 996 |
6 |
|
|b 2610587051
|c S-1324.064
|l MZK
|r Sklad / do 24 hodin
|n 0
|p p.v.
|w 001412931
|u 000020
|a 1
|e BOA001
|j MZK50
|s P
|